NLSUI OPAC header image

Feminist international relations : (Record no. 20576)

MARC details
000 -LEADER
fixed length control field 00712cam a2200217 a 4500
001 - CONTROL NUMBER
control field 12337995
005 - DATE AND TIME OF LATEST TRANSACTION
control field 20260430070314.0
008 - FIXED-LENGTH DATA ELEMENTS--GENERAL INFORMATION
fixed length control field 010307s2002 enk b 001 0 eng
010 ## - LIBRARY OF CONGRESS CONTROL NUMBER
LC control number 2001025636
020 ## - INTERNATIONAL STANDARD BOOK NUMBER
International Standard Book Number 052179627X pbk.
082 00 - DEWEY DECIMAL CLASSIFICATION NUMBER
Classification number 327.1 SYL
100 1# - MAIN ENTRY--PERSONAL NAME
Personal name Sylvester, Christine,
Dates associated with a name 1949-
245 10 - TITLE STATEMENT
Title Feminist international relations :
Remainder of title an unfinished journey /
Statement of responsibility, etc. Christine Sylvester.
260 ## - PUBLICATION, DISTRIBUTION, ETC.
Place of publication, distribution, etc. New York :
Name of publisher, distributor, etc. Cambridge University Press,
Date of publication, distribution, etc. 2002.
300 ## - PHYSICAL DESCRIPTION
Extent xii, 350 p. ;
Dimensions 24 cm.
365 ## - TRADE PRICE
Price amount Ras. 895
650 #0 - SUBJECT ADDED ENTRY--TOPICAL TERM
Topical term or geographic name entry element International relations
General subdivision Philosophy.
650 #0 - SUBJECT ADDED ENTRY--TOPICAL TERM
Topical term or geographic name entry element Feminist theory.
856 41 - ELECTRONIC LOCATION AND ACCESS
Materials specified Table of contents
Uniform Resource Identifier <a href="http://www.loc.gov/catdir/toc/cam022/2001025636.html">http://www.loc.gov/catdir/toc/cam022/2001025636.html</a>
942 ## - ADDED ENTRY ELEMENTS (KOHA)
Source of classification or shelving scheme Dewey Decimal Classification
Koha item type BOOKs
Holdings
Withdrawn status Lost status Damaged status Not for loan Home library Current library Shelving location Date acquired Cost, normal purchase price Total Checkouts Full call number Barcode Date last seen Price effective from Koha item type
        NLS NLS Library Compactors 30/05/2017 895.00   327.1 SYL 18708 30/05/2017 30/05/2017 BOOKs